| 000 | 00834nam a2200253Ia 4500 | ||
|---|---|---|---|
| 005 | 20251020182442.0 | ||
| 008 | 200515s9999 xx 000 0 und d | ||
| 020 | _a84-7486-085-7 | ||
| 082 | _a528.814/D70 | ||
| 100 | _aDixon, Conrad | ||
| 245 | 0 | _aGPS : Que es, para que sirve, como se usa | |
| 250 | _a2a ed. | ||
| 260 | _aBarcelona | ||
| 260 | _bEditorial Noray | ||
| 260 | _c1997 | ||
| 300 | _a95 p. | ||
| 300 | _bil., tbl., graf., fot. | ||
| 500 | _a1 ejemplar | ||
| 520 | _aConcebido para quienes quieran adquirir o profundizar en el GPS, trata de ayudar a los usuarios a obtener el máximo de sus aparatos y a utilizar todas sus funciones, desde cómo obtener una simple posición y rumbo a seguir, a cómo conectarlo a un radar, lo | ||
| 650 | _aGPS | ||
| 650 | _aTOPOGRAFIA | ||
| 942 | _cLIB | ||
| 999 |
_c579 _d579 |
||